Coupe du monde 2002 - Statistiques

Statistiques générales
  • Ce quiz a été pris 220 fois
  • Le résultat moyen est 9 sur 15
Statistiques - réponses
Question Réponse % Correct
Groupe du Brésil ( mettre la lettre ) C
93%
Groupe de la France ( mettre la lettre ) A
92%
Seule équipe qui a gagné tous ses matchs ( TAB = match nul) Brésil
92%
Tenant du titre France
86%
Sa nationalité Brésilien
67%
Meilleur buteur de la compétition Ronaldo
66%
Premier buteur en Finale Ronaldo
64%
Deuxième buteur en finale Ronaldo
63%
Leur performance Vainqueur
63%
Capitaine des vainqueurs Cafu
54%
Meilleur joueur de la compétition Oliver Kahn
39%
Score d’Italie - Croatie 1-2
38%
Dernier buteur des demi-finales Ronaldo
38%
Pire équipe du mondial ( points en phase de poule + différence de buts ) Arabie saoudite
31%
Premier buteur des quarts de finale Michael Owen
9%
Aucun quiz correspondant
Distribution des résultats
% des personnes avec chaque résultat
Percentile par nombre de réponses
Votre historique - résultats
Vous n’avez pas pris ce quiz